000 00311nam a2200133Ia 4500
005 20251222140101.0
008 251222s1900||||xx |||||||||||||| ||spa||
020 _a8425415497
082 _a160/D92
100 _aDóriga, Enrique L.
245 0 _aMetodología del Pensamiento:
264 _bHerder
942 _cLIB
999 _c3952
_d3952